000
00449nam a22001337a 4500
020
_a
8121900093
082
_a
425
100
_a
Wren and Martin
245
_a
High school english grammar and composition
260
_a
New Delhi
_b
S.Chand and co
_c
2006
300
_a
376p
942
_c
BK
999
_c
352369
_d
352369